000 00855nam a2200265 i 4500
001 177255
003 ES-MaACL
005 20230906220304.0
007 t|
008 110310s1972 fr abdf ||||1| fre d
080 _a913(44)
080 _a338(44)
100 1 _aGeorge, Pierre.
_956386
245 1 3 _aLa France /
_cpar Pierre George.
250 _a3e éd. mise à jour.
260 _aParis :
_bPresses Universitaires de France,
_c1972.
300 _a273, [8] p. de lám. :
_bil. ;
_c19 cm.
490 1 _aMagellan. La géographie et ses problèmes ;
_v11
504 _aBibliografía: p. 259-269.
651 4 _aFrancia-
_xGeografía.
_9137174
651 _aFrancia-
_xSituación económica.
_98717
830 1 _aMagellan. La géographie et ses problèmes ;
_v11
_9182333
852 _aES-MaACL
_jE-14667
_xOlim P-507
999 _c177255
_d177255